000 00191 a2200097 4500
020 _a9781338033366
041 _aeng
100 _aHarimann, Sierra
245 _aBe a good citizen
942 _cBK
999 _c31136
_d31134